| 000 | | | 04722cmc2a2200277#x 450 |
| 001 | | | 21257492-4802-4302-889c-4cf30eaccb7f |
| 005 | | | 20230601151028.0 |
| 100 | ## | $a | 20220622l19251925k y0rusy50 ca |
| 101 | 0# | $a | rus |
| 102 | ## | $a | RU |
| 105 | ## | $a | e z ||||| |
| 122 | 0# | $a | d1925###### |
| 200 | 1# | $a | Планы Мариупольского порта (с указанием Розы ветров), заверенные начальником порта, план механических мастерских морторгпорта |
| | $j | [1921-1925] |
| 215 | ## | $a | 4 листа |
| | $c | пл. |
| 251 | ## | $c | Дело |
| 300 | ## | $a | Типографский экземпляр (синька); типографский экземпляр с рукописными пометами |
| 300 | ## | $a | Листы: 1-4 - планы; 3, 4 - надорваны |
| 300 | ## | $a | Рукописный и типографский текст |
| 330 | ## | $a | Входит в раздел описи: Документы Народного комиссариата финансов. Транспортный сектор (Департамент железнодорожных дел) Наркомата финансов |
| 461 | #0 | $1 | 00170a9e75d-b6e1-4eed-a561-fb01df49f1ed |
| | $1 | 2001 |
| | $a | Коллекция документов профессора И. Х. Озерова |
| | $1 | 251 |
| | $c | Фонд |
| | $1 | 852 |
| | $j | 1838 |
| 462 | #0 | $1 | 0010128b4bc-9fed-474c-8a7c-fdbe2c2718e2 |
| | $1 | 2001 |
| | $a | Документы советского периода. 1917-1933 гг. |
| | $v | Д. 63 |
| | $1 | 251 |
| | $c | Опись |
| | $1 | 852 |
| | $j | 2 |
| 801 | #0 | $a | RU |
| | $b | GA_RF |
| 801 | #1 | $a | RU |
| | $b | ГлавНИВЦ |
| | $c | 20220622 |
| | $2 | rusmarc |
| 801 | #2 | $a | RU |
| | $b | ПБ им. Б.Н. Ельцина |
| | $c | 20220705 |
| | $g | RCR |
| | $2 | rusmarc |
| 852 | ## | $a | ГА РФ |
| | $j | 63 |
| 937 | ## | $d | 177095511 |
| | $h | ГАРФ |
| 035 | ## | $a | RuPRLIB51068005 |
| 856 | ## | $u | http://readingroom.main.prlib.ru/item.aspx?id_node=n177095511&mode=full |
| 850 | ## | $a | Государственный архив Российской Федерации |
| 601 | 02 | $2 | nlr_sh |
| | $3 | RU\NLR\AUTH\8810027249 |
| | $a | Мариупольский порт |
| | $j | Карты |
| 605 | ## | $2 | acquisition_Prlib |
| | $3 | LIBNET\UAF\0000107260 |
| | $a | Донецкая Народная Республика: страницы истории |
| | $l | коллекция |
| 605 | ## | $2 | acquisition_Prlib |
| | $3 | DITM\AF\0000002775 |
| | $a | Власть |
| | $l | коллекция |
| 686 | ## | $2 | rubbk |
| | $a | 63.3(2)5-2 |
| | $v | LBC/M |